000 00556nam a2200193Ia 4500
003 LK-CoDNM
008 010623t1914 xxu||||| |||| 00| 1 sin d
040 _aLK-CoDNM
_dLK-CoDNM
_eLK-CoDNM
041 _asin
080 _a104 V.12
100 _aGoovawardana,Koranelia
245 _aශක වර්ෂ 1835 පඤ්චාංගය සහ ග්‍ර‍හචාරයන්
246 _aEphemeris Shaka Era 1835
260 _bJ.D.Fernando
_aColombo
_c1913
_c1914
300 _b44p., 25 cm
650 _aAlmanac
650 _aAstrology
942 _cBK
999 _c88334
_d88334